00517nam a2200193 a 4500001001300000003000900013005001700022008004100039020001000080082001800090100002000108245004600128260005000174300000900224500003500233505001000268650002500278700002000303nice12345678IN_TiNIC20260116012249.0050524s1931 cama grp 000 0 eng  ac10000a954.0223bNAZ aNazim, Muhammad aLife and Times of Sultan Mahmud of Ghazna aCambridge bCambridge University Press c1931 a247p aincludes index and biblioraphy2 aIndex aIndia-History Ghazni1 aNazim, Muhammad